The Daily Study Bible (Record no. 6435)

MARC details
000 -LEADER
fixed length control field 01116nam a22002297a 4500
003 - CONTROL NUMBER IDENTIFIER
control field GBCCL
005 - DATE AND TIME OF LATEST TRANSACTION
control field 20241126110603.0
008 - FIXED-LENGTH DATA ELEMENTS--GENERAL INFORMATION
fixed length control field 180514b ||||| |||| 00| 0 eng d
040 ## - CATALOGING SOURCE
Transcribing agency GBC
082 ## - DEWEY DECIMAL CLASSIFICATION NUMBER
Classification number 225.77
Item number BAR
100 ## - MAIN ENTRY--PERSONAL NAME
Personal name Barclay, William
9 (RLIN) 8475
245 ## - TITLE STATEMENT
Title The Daily Study Bible
Statement of responsibility, etc. William Barclay
250 ## - EDITION STATEMENT
Edition statement Rev. ed
260 ## - PUBLICATION, DISTRIBUTION, ETC.
Place of publication, distribution, etc. Philadelphia, Pa. :
Name of publisher, distributor, etc. Westminster Press,
Date of publication, distribution, etc. 1977, ©1975.
300 ## - PHYSICAL DESCRIPTION
Extent 17 volumes ; 19 cm.
440 ## - SERIES STATEMENT/ADDED ENTRY--TITLE
Title Daily Study Bible Series.
9 (RLIN) 7977
505 ## - FORMATTED CONTENTS NOTE
Formatted contents note Matthew, Vol. 1 (Chapters 1-10)--Matthew, Vol. 2 (Chapters 11-28)--Mark--Luke--John, Vol. 1 (Chapters 1-7)--John, Vol. 2 (Chapters 8-21)--Acts--Romans--Corinthians--Galatians and Ephesians--<br/>Philippians, Colossians, Thessalonians--<br/>Timothy, Titus, Philemon--Hebrews--James and Peter--The Epistles of John and Jude--Revelation, Vol. 1 (Chapters 1-5)--Revelation, Vol. 2 (Chapters 6-22)--Index Volume--New Testament Words.
650 ## - SUBJECT ADDED ENTRY--TOPICAL TERM
Topical term or geographic name entry element Bible. -- New Testament. -- Barclay,
9 (RLIN) 11531
650 ## - SUBJECT ADDED ENTRY--TOPICAL TERM
Topical term or geographic name entry element Bible. -- New Testament -- Commentaries.
9 (RLIN) 11414
650 ## - SUBJECT ADDED ENTRY--TOPICAL TERM
Topical term or geographic name entry element Bible. -- New Testament.
9 (RLIN) 10931
942 ## - ADDED ENTRY ELEMENTS (KOHA)
Source of classification or shelving scheme Dewey Decimal Classification
Koha item type Books
Koha issues (borrowed), all copies 19
Holdings
Withdrawn status Lost status Source of classification or shelving scheme Damaged status Not for loan Home library Current Library Shelving location Date acquired Total checkouts Total renewals Full call number Barcode Date last seen Date last checked out Copy number Price effective from Koha item type
    Dewey Decimal Classification     GRACE BIBLE COLLEGE GRACE BIBLE COLLEGE Biblical Studies 2018-05-14 6 1 225.77 BAR 007160 2025-05-01 2025-02-12 v.1 2018-05-14 Books
    Dewey Decimal Classification     GRACE BIBLE COLLEGE GRACE BIBLE COLLEGE Biblical Studies 2018-07-19 1   225.77 BAR 013444 2025-05-01 2022-09-08 v.2 2018-07-19 Books
    Dewey Decimal Classification     GRACE BIBLE COLLEGE GRACE BIBLE COLLEGE Biblical Studies 2018-07-19 4   225.77 BAR 001536 2025-05-01 2024-01-25 v.5 2018-07-19 Books
    Dewey Decimal Classification     GRACE BIBLE COLLEGE GRACE BIBLE COLLEGE Biblical Studies 2018-07-19 2   225.77 BAR 002103 2025-05-01 2023-03-16 v.13 2018-07-19 Books
    Dewey Decimal Classification     GRACE BIBLE COLLEGE GRACE BIBLE COLLEGE Biblical Studies 2018-07-19 3   225.77 BAR 002106 2025-05-01 2024-08-14 v.13 c.2 2018-07-19 Books
    Dewey Decimal Classification     GRACE BIBLE COLLEGE GRACE BIBLE COLLEGE Biblical Studies 2018-07-19 5   225.77 BAR 001537 2025-05-01 2024-09-10 v.6 2018-07-19 Books
© Grace Bible College Library 2025